| 000 | 00504cam a22001814a 4500 | ||
|---|---|---|---|
| 020 | _a0393730581 | ||
| 040 | _cDLC | ||
| 082 | 0 | 0 | _a727 NOR 2000 C149 Or. |
| 100 | 1 | _aDahan, Fernand | |
| 245 | 1 | 0 |
_aLaboratories : _ba guide to master planning, programming, procurement, and design / |
| 250 | _a1st ed | ||
| 260 |
_aNew York : _bNorton, _cc2000 |
||
| 300 |
_a298 p. : _bill. ; _c26 cm |
||
| 500 | _a"A Norton professional book." | ||
| 500 | _aIncludes index | ||
| 650 | 0 | _aLaboratories | |
| 942 | _cAEDBB | ||
| 999 |
_c18639 _d18639 |
||